[Event "XLIII Sevilla Open 2018"]
[Site "Sevilla"]
[Date "2018.01.18"]
[Round "7"]
[White "Biedma Martin, Enrique"]
[Black "Vasquez Schroeder, Rodrigo"]
[Result "1/2-1/2"]
[WhiteElo "2280"]
[BlackElo "2554"]
[Annotator "TA"]
[PlyCount "109"]
[EventDate "2018.??.??"]
[EventType "swiss"]
[EventCountry "ESP"]
[SourceTitle "playchess.com"]
[Source "ChessBase"]
[SourceQuality "1"]

{[%evp 27,109,45,26,0,0,0,0,0,0,0,0,0,0,0,0,0,4,-25,6,0,0,0,7,0,0,0,0,0,9,0,0,0,37,24,35,35,33,38,45,33,51,35,38,0,36,12,12,12,16,21,39,12,23,25,26,10,14,2,0,0,15,0,2,0,0,0,0,0,0,0,0,0,0,0,0,0,0,0,0,0,0,0,0,0]} 1. Nf3 Nf6 2. d4 g6 3. c4 Bg7 4. Nc3 O-O 5. e4 d6 6. Be2 Na6 7. O-O e5 8. Re1 Qe8 9. Bf1 Bg4 10. d5 Nb4 11. Be2 a5 12. Be3 Na6 {E94: Königsindisch (Klassisches System)} 13. Nd2 Bxe2 (13... Bd7 14. b3 Kh8 15. a3 b6 16. Rb1 Ng8 17. b4 Bh6 18. Bxh6 Nxh6 19. Qc1 Kg7 20. Nd1 axb4 21. axb4 {1-0 (59) Postny,E (2558)-Sethuraman,S (2625) Achaea 2017}) 14. Qxe2 Nh5 {LiveBook: 4 Partien. Weiß steht etwas besser.} 15. g3 f5 {[#] ...f4 ist eine echte Drohung.} 16. f3 $146 ({Vorgänger:} 16. exf5 gxf5 17. Nf3 Qg6 18. Nh4 Qf7 19. f3 Rae8 20. Bf2 {0-1 (38) Ugalde Ezcurra,J (2158)-Vega Gutierrez,S (2278) Pamplona 2008}) 16... f4 17. Bf2 $1 fxg3 18. hxg3 Bh6 19. Kg2 Qe7 {[#] Droht ...Dg5 und aus.} 20. Be3 Bg5 21. Rh1 Rf7 22. Rh3 Raf8 23. Rah1 Nb4 24. Rc1 Na6 25. Rch1 Nc5 26. Nd1 Bxe3 27. Qxe3 c6 28. Nc3 Qd8 29. b3 Kh8 30. Rf1 Qf6 31. Nd1 {[%cal Bc3d1,Bd1f2,Bf2g4][%mdl 32]} Kg8 32. Nf2 {Und Sg4 würde nun gewinnen.} Qd8 33. Ng4 {Und weiter mit Sh6+ wäre nett.} Kh8 34. Nh6 Rg7 35. Ng4 Nd7 36. Rd1 (36. Nf2 {is interesting.} Kg8 37. Rfh1 Nhf6 38. Rh6 Nh5 39. a3) 36... Nhf6 37. Nxf6 Rxf6 (37... Qxf6 {is more complex.} 38. Rh6 Rgf7 39. a3 Qd8 40. Rhh1 Nc5) 38. Rhh1 Nc5 39. Rdf1 Rgf7 40. Rf2 Kg8 41. Rhf1 cxd5 {Die Stellung ist ausgeglichen.} 42. exd5 Rf5 43. Ne4 b6 44. Kg1 Qe7 45. Kg2 g5 46. a3 {[%cal Ba2a3,Ba3b4][%mdl 32]} h6 47. b4 (47. Kh2 {keeps more tension.} Nxe4 48. fxe4 Rxf2+ 49. Rxf2 Qc7 50. Rxf7 Qxf7 51. Qe2) 47... axb4 48. axb4 Nxe4 49. fxe4 Rxf2+ 50. Rxf2 Qc7 51. Rxf7 Kxf7 $11 {KD-KD} 52. Qf3+ Kg7 53. Qf5 Qxc4 54. Qd7+ Kg6 55. Qe6+ {Precision: Weiß = 59%, Schwarz = 54%.} 1/2-1/2

[Event "XLIII Sevilla Open 2018"]
[Site "Sevilla"]
[Date "2018.01.18"]
[Round "7"]
[White "Schwartz, Ylon"]
[Black "Santos Latasa, Jaime"]
[Result "0-1"]
[WhiteElo "2267"]
[BlackElo "2546"]
[Annotator "TA"]
[PlyCount "102"]
[EventDate "2018.??.??"]
[EventType "swiss"]
[EventCountry "ESP"]
[SourceTitle "playchess.com"]
[Source "ChessBase"]
[SourceQuality "1"]

{[%evp 19,102,5,25,0,0,0,0,0,0,0,4,0,4,7,13,-19,0,-10,-3,-3,-3,-7,-10,-6,1,-6,-2,-11,0,-13,-4,-18,-13,-8,-10,-15,-15,-18,-5,-6,0,-2,0,0,0,-7,-12,-12,0,0,0,-12,0,-126,-120,-112,-113,-108,-97,-120,-121,-203,-201,-202,-210,-210,-195,-195,-212,-197,-206,-205,-210,-196,-204,-204,-204,-208,-175,-372,-343,-536,-535,-539,-573]} 1. e4 {[%cal Be2e4,Be4e5][%mdl 32]} c5 2. c3 Nf6 3. e5 Nd5 4. d4 cxd4 5. Nf3 Nc6 6. cxd4 d6 7. Bc4 dxe5 8. dxe5 Nb6 {B22: Sizilianisch (Alapin 2.c3)} (8... Ndb4 9. Qxd8+ Nxd8 10. Na3 Bg4 11. Bd2 Nbc6 12. Bc3 Bxf3 13. gxf3 a6 14. Nc2 e6 15. Bd3 Rc8 16. Be4 Be7 {½-½ (42) Mamedov,R (2655)-Giri,A (2790) Shamkir 2016}) 9. Qxd8+ Nxd8 10. Bb5+ Bd7 {LiveBook: 17 Partien. Die Stellung ist ausgeglichen.} 11. Bxd7+ (11. Nc3 {feels hotter.} Bxb5 12. Nxb5 Nd5 13. Be3 a6 14. Nbd4) 11... Nxd7 12. Nc3 {[%cal Bb1c3,Bc3b5,Bb5d4][%mdl 32]} Rc8 $146 ({Vorgänger:} 12... e6 13. Nb5 Bb4+ 14. Bd2 Bxd2+ 15. Kxd2 Ke7 16. Nbd4 {½-½ (47) Langrock,H (2395)-Mirzoev,A (2543) Salou 2008}) 13. O-O e6 14. Bf4 Nc6 15. Rfd1 Nb6 16. Rac1 Be7 17. Nb5 a6 18. Nbd4 Nb4 19. Rxc8+ Nxc8 20. a3 Nd5 21. Bg5 Bf8 22. Rc1 Kd7 23. Nb3 h6 24. Bd2 b6 25. Ne1 Na7 26. Nd3 Nc6 27. Kf1 g5 28. Rc4 Be7 29. Ke2 Rg8 30. h3 a5 31. Be3 Ra8 (31... b5 {keeps more tension.} 32. Rc1 a4 33. Ndc5+ Ke8 34. Ne4 Kd7) 32. Nd4 Nxd4+ 33. Bxd4 h5 34. g3 Rg8 35. Ne1 h4 36. Nf3 (36. Kf3 $11) 36... hxg3 $17 37. fxg3 g4 38. hxg4 Rxg4 39. Kf2 {[#]} Bc5 $1 {[%mdl 512]} 40. a4 (40. Ke2 $17 {kämpft weiter.}) (40. Bxc5 Rxc4) 40... Nb4 $19 41. b3 {[#]} Bxd4+ $1 42. Rxd4+ Rxd4 43. Nxd4 {[%mdl 4096] Endspiel KS-KS} Nd3+ 44. Ke3 Nxe5 45. Ke4 f6 {[%cal Bf7f6,Bf6f5][%mdl 32]} 46. Ne2 Kd6 47. Kd4 f5 48. Nf4 {[#]} Nf3+ $1 49. Ke3 $2 (49. Kc4 {einziger Zug.}) 49... Ng5 50. Nd3 (50. Nh5 $142) 50... Ne4 51. Kf4 Nc5 {Precision: Weiß = 52%, Schwarz = 61%.} 0-1

[Event "XLIII Sevilla Open 2018"]
[Site "Sevilla"]
[Date "2018.01.18"]
[Round "7"]
[White "Calzetta Ruiz, Monica"]
[Black "Campora, Daniel H"]
[Result "0-1"]
[WhiteElo "2223"]
[BlackElo "2417"]
[Annotator "TA"]
[PlyCount "86"]
[EventDate "2018.??.??"]
[EventType "swiss"]
[EventCountry "ESP"]
[SourceTitle "playchess.com"]
[Source "ChessBase"]
[SourceQuality "1"]

{[%evp 29,86,16,35,7,25,3,10,10,30,34,37,28,33,33,35,35,33,0,0,0,0,-34,-25,-32,-32,-27,-34,-33,-35,-113,-56,-125,-126,-203,-205,-194,-147,-147,-142,-317,-316,-303,-304,-392,-377,-355,-323,-370,-370,-795,-785,-887,-873,-2097,-2283,-12839,-12839,-12840,-12840]} 1. e4 {[%cal Be2e4,Be4e5][%mdl 32]} Nf6 2. e5 Nd5 3. d4 d6 4. Nf3 Nc6 5. exd6 exd6 6. c4 Nf6 7. Nc3 Be7 8. Bd3 O-O 9. h3 d5 10. O-O Nb4 11. Be2 dxc4 12. Bxc4 Nbd5 {C42: Petroff Defence: 3 Nxe5 and unusual White 3rd moves} 13. Re1 c6 14. Bg5 Be6 15. Qb3 Rb8 {LiveBook: 22 Games} (15... Qb6 16. Nxd5 cxd5 17. Qxb6 axb6 18. Bb3 Rfc8 19. Rac1 h6 20. Bf4 Ne4 21. Rxc8+ Rxc8 22. Rc1 Rxc1+ 23. Bxc1 g5 24. Kf1 Kg7 25. Ke2 f5 26. Ne5 f4 27. Bd2 {½-½ (27) Sevian,S (2620)-Li,C (2744) Tbilisi 2017}) 16. Rac1 Re8 17. Ne5 h6 18. Bh4 Nh5 $146 (18... Qa5 {keeps more tension.} 19. a3 Qb6 20. Qxb6 axb6 21. Bxf6 Nxf6 22. Bxe6 fxe6 23. Rcd1 Ra8) ({Predecessor:} 18... Qb6 19. Qxb6 axb6 20. Bxf6 Nxf6 21. Bxe6 fxe6 {0-1 (62) Avotins,M (2466)-Drake Diez de Rivera,P (2484) ICCF email 2004}) 19. Bxe7 Rxe7 20. Nxd5 Bxd5 21. Bxd5 Qxd5 22. Qxd5 cxd5 23. Re3 Nf4 24. Kf1 Rbe8 25. Nd7 Ne6 26. Nc5 Nxd4 27. Rxe7 Rxe7 $15 {[%mdl 4096] Endgame KRN-KRN} 28. Rd1 Rc7 29. b4 ({Better is} 29. Nxb7 $15 Rxb7 30. Rxd4) 29... b6 (29... Nc2 $17 30. Nd3 f6) 30. Na6 ({White should try} 30. Rxd4 $15 bxc5 31. Rxd5 cxb4 32. Ra5) 30... Rc4 $17 31. a4 (31. Nc7 $17) 31... Kf8 $19 32. a5 bxa5 33. bxa5 Ke7 34. g3 $2 {[#]} (34. Nc7 $17) 34... Kd6 35. Rb1 Ra4 36. Rb7 Rxa5 37. Rxa7 Ra1+ 38. Kg2 Nc6 39. Rxf7 $2 {[#]} (39. Ra8) 39... Rxa6 {Black is clearly winning.} 40. Rxg7 d4 {[%cal Bd5d4,Bd4d3][%mdl 32]} 41. Rg6+ Kc5 42. Rxh6 d3 43. Rh5+ Kc4 {Precision: White = 18%, Black = 71%.} 0-1

[Event "XLIII Sevilla Open 2018"]
[Site "Sevilla"]
[Date "2018.01.19"]
[Round "8"]
[White "Vasquez Schroeder, Rodrigo"]
[Black "Veiga, Jose Francisco R P "]
[Result "1-0"]
[WhiteElo "2554"]
[BlackElo "2222"]
[Annotator "TA"]
[PlyCount "229"]
[EventDate "2018.??.??"]
[EventType "swiss"]
[EventCountry "ESP"]
[SourceTitle "playchess.com"]
[Source "ChessBase"]
[SourceQuality "1"]

{[%evp 23,229,67,68,47,52,41,47,25,33,16,18,29,32,4,61,0,0,0,0,0,0,-1,15,0,2,0,21,14,54,54,54,54,54,54,56,60,68,48,50,32,55,14,21,14,18,18,21,0,21,0,31,26,72,57,65,74,86,30,26,24,24,31,39,39,39,39,79,39,79,79,79,79,79,63,63,63,79,79,79,79,79,79,85,10,10,10,13,0,45,45,69,45,45,45,45,45,45,45,45,45,45,46,61,61,119,61,61,61,61,0,61,61,61,61,61,61,75,68,95,95,95,60,95,95,95,95,95,95,95,95,95,95,95,95,95,95,95,95,3012,2145,5627,2984,29952,29957,29961,29957,29962,29966,29965,29966,29965,29965,29964,29960,29953,29944,29954,29951,29961,29945,29946,29958,5338,0,5853,0,4141,2056,29974,29975,29975,29976,29976,29977,29977,29978,29978,29979,29981,29982,29983,29984,29984,29985,29985,29986,29986,29987,29987,29986,29986,29987,29987,29988,29988,29989,29989,29990,29992,29991,29991,29991,29992,29989,29989,29990,29990,29991]} 1. e4 c5 2. Nf3 Nc6 3. d4 cxd4 4. Nxd4 g6 5. c4 Bg7 6. Be3 Nf6 7. Nc3 O-O 8. Be2 Nxd4 9. Bxd4 d6 10. O-O Bd7 11. Qd3 {B38: Sicilian: Maroczy Bind with 5...Bg7 and 7...0-0} (11. Qd2 Bc6 12. f3 a5 13. b3 Nd7 14. Be3 Nc5 15. Rac1 Qb6 16. Rc2 Rfc8 17. Rfc1 Qd8 18. Bf1 h5 19. Rd1 Kh7 20. Nd5 e6 21. Nf4 Be5 22. Nh3 Kg8 23. Ng5 b6 {½-½ (44) Landa,K (2607)-Reinderman,D (2573) Netherlands 2017}) 11... Bc6 12. b4 b6 {LiveBook: 10 Games} 13. a3 {White is slightly better.} Rc8 14. Rac1 Bb7 $146 ({Predecessor:} 14... Nd7 15. Bxg7 Kxg7 16. f4 Kg8 17. Rfd1 Qc7 18. Qe3 Rfd8 {1-0 (28) Mosquera,M (2390)-Beltran,C (2225) Santa Rosa 2011}) 15. f3 Ba6 16. Nb5 Bxb5 17. cxb5 Qd7 18. Be3 Rfd8 (18... Rxc1 $11 19. Rxc1 Rc8) 19. f4 (19. a4 $14) 19... Rxc1 $11 20. Rxc1 Rc8 21. Rxc8+ Qxc8 22. Bf3 Qc7 23. Kf1 Nd7 24. Ke2 Bb2 25. Kd1 Nf8 (25... Bg7 {is interesting.} 26. Bd2 Nf6 27. a4 e5 28. fxe5 dxe5 29. g4 Bf8) 26. Qc2 Qc3 27. Qxc3 Bxc3 $14 {[%mdl 4096] Endgame KBB-KBN} 28. Kc2 Bf6 29. a4 {[%cal Ba3a4,Ba4a5][%mdl 32]} e6 30. a5 Bd8 $1 31. Kd3 Nd7 32. a6 Kg7 33. g3 h6 34. Bd2 Bf6 35. Be3 {e5! is the strong threat.} Bd8 36. Bf2 Bc7 37. Bd4+ Nf6 38. Bc3 e5 39. Bd2 Ng8 40. fxe5 (40. g4 $16) 40... dxe5 $11 41. Bg4 Kf8 42. Kc4 Ke8 43. Bh3 g5 44. Be3 Ne7 45. Bg4 Kd8 46. h4 f6 47. Be6 Bb8 48. Bf7 Kd7 49. Bh5 Kd6 50. Kd3 Bc7 51. Ke2 Bd8 52. Kf3 Ke6 53. Be8 (53. Bc1 $16) 53... gxh4 54. g4 Nc8 55. Bxh6 Be7 56. Bd2 Kd6 57. Be1 Kc7 58. Bxh4 Nd6 59. Bc6 Nf7 60. Be1 Ng5+ 61. Ke3 Ne6 62. Kd3 Nd4 63. Kc4 Nf3 (63... Ne6 $14) 64. Bg3 ({White should try} 64. Bf2 $16) 64... Kd6 $14 65. Be8 Ke6 66. Bc6 Kd6 $1 67. Bf2 {Threatens to win with Bxb6!} Bd8 $1 68. Be8 Ng5 69. Bg6 Ne6 70. Bf5 Nc7 71. Be3 Ne6 72. Bh6 Be7 73. Bxe6 Kxe6 $16 {KB-KB} 74. Be3 Bd8 75. Bd2 Be7 76. Bc1 Bd8 77. Be3 Kd6 78. Bh6 Be7 79. Kd3 Ke6 80. Ke2 Kd7 $2 {[%mdl 8192] [#]} (80... Kf7 $16) 81. Be3 $1 $18 {[%cal Re3b6]} Bd8 82. g5 fxg5 83. Kf3 Ke6 84. Kg4 Bc7 85. Kxg5 Bd8+ 86. Kg6 Bc7 87. Bg5 Bb8 88. Kg7 Bc7 89. Kf8 Bd6+ 90. Ke8 Bc7 91. Be3 Kd6 92. Kf7 Bd8 93. Ke8 Bc7 $1 94. Bg5 Ke6 95. Bh4 Kd6 96. Kf7 {White mates.} Kd7 97. Bg3 Bd6 98. Kf6 Be7+ 99. Kf5 Bxb4 100. Bxe5 Kc8 101. Ke6 Be7 102. Bd4 Bg5 103. Kf7 Bd8 104. e5 Bc7 105. e6 Bd6 106. e7 Bxe7 107. Kxe7 {KB-KPP} Kb8 108. Kd6 Ka8 109. Kc6 Kb8 {[#]} 110. Bxb6 $1 Ka8 (110... axb6 111. Kxb6) 111. Kc7 axb6 112. Kxb6 Kb8 113. a7+ Ka8 114. Kc7 Kxa7 115. b6+ {Precision: White = 61%, Black = 59%.} 1-0

[Event "XLIII Sevilla Open 2018"]
[Site "Sevilla"]
[Date "2018.01.19"]
[Round "8"]
[White "Kveinys, Aloyzas"]
[Black "Gleizerov, Evgeny"]
[Result "1/2-1/2"]
[WhiteElo "2547"]
[BlackElo "2509"]
[Annotator "TA"]
[PlyCount "90"]
[EventDate "2018.??.??"]
[EventType "swiss"]
[EventCountry "ESP"]
[SourceTitle "playchess.com"]
[Source "ChessBase"]
[SourceQuality "1"]

{[%evp 24,90,16,10,16,-7,11,0,17,-28,-24,-28,-16,-16,-19,-16,0,0,12,0,-14,-16,-23,-77,-75,-61,-67,-62,-73,-74,-57,-60,-56,-63,-71,-69,-68,-58,-37,-42,-55,-77,-69,-67,-72,-60,-39,-36,-40,-33,-9,-9,-12,-15,0,0,0,0,0,0,0,-11,0,0,0,0,15,15,15]} 1. d4 e6 2. c4 f5 3. g3 Nf6 4. Bg2 d5 5. Nf3 Bd6 6. O-O O-O 7. Qc2 c6 8. b3 b6 9. Ba3 Bxa3 10. Nxa3 Qe7 11. Qb2 Bb7 12. Rac1 Nbd7 13. Rfd1 {LiveBook: 7 Games. A94: Classical Dutch: Classical Stonewall: 7 b3 c6 8 Ba3} Ne4 (13... Rae8 14. e3 Ne4 15. Ne1 Ndf6 16. Nd3 Nd7 17. b4 Rc8 18. f3 Nef6 19. c5 Ba6 20. Bf1 Bxd3 21. Bxd3 {1-0 (40) Boensch,U (2528)-Schmidlechner,A (2304) Austria 2013}) 14. Nd2 $146 ({Predecessor:} 14. e3 Rfd8 15. cxd5 exd5 16. Ne5 Nxe5 17. dxe5 b5 18. Nb1 b4 19. f3 Ng5 20. Nd2 Ne6 21. f4 {½-½ (21) Kopasov,E (2129)-Boehme,S (2306) LSS email 2013}) 14... c5 15. e3 Ndf6 16. f3 Nxd2 17. Rxd2 Rac8 18. Re1 Rfd8 {[%cal Bf8d8,Bd8d7,Bd7c7,Bc7c4][%mdl 32]} 19. Rdd1 Rd7 20. cxd5 exd5 21. Rc1 Ba6 22. Nc2 Rdc7 {And now ...cxd4 would win.} 23. Rcd1 {[#]} (23. Bh3 $11) 23... c4 $1 $17 24. bxc4 Rxc4 25. Rd2 Rc3 26. Kf2 Qd7 27. Nb4 Bb5 28. Rc2 Rxc2+ 29. Nxc2 Qc6 30. Na1 Bd3 31. Rd1 Qc3 32. Qd2 Bb5 33. Qxc3 Rxc3 34. Nb3 Bc4 {...Rc2+ is the strong threat.} (34... Ba4 {is more complex.} 35. Rc1 Rc4 36. Re1 Kf7 37. Re2 Rc3) 35. Rc1 Rxc1 36. Nxc1 $15 {[%mdl 4096] Endgame KBN-KBN} g5 37. Ke1 {The position is equal.} g4 38. Kd2 Kf7 39. a3 Ke6 40. Nd3 Bxd3 41. Kxd3 Kd6 42. h3 b5 43. hxg4 fxg4 44. e4 {[%cal Be3e4,Be4e5][%mdl 32]} gxf3 45. e5+ ({Don't blunder} 45. Bxf3 $2 dxe4+ 46. Bxe4 Nxe4 $19) 45... Kc6 $1 {Precision: White = 62%, Black = 60%.} 1/2-1/2

[Event "XLIII Sevilla Open 2018"]
[Site "Sevilla"]
[Date "2018.01.19"]
[Round "8"]
[White "Santos Latasa, Jaime"]
[Black "Vega Gutierrez, Sabrina"]
[Result "1/2-1/2"]
[WhiteElo "2546"]
[BlackElo "2427"]
[Annotator "TA"]
[PlyCount "101"]
[EventDate "2018.??.??"]
[EventType "swiss"]
[EventCountry "ESP"]
[SourceTitle "playchess.com"]
[Source "ChessBase"]
[SourceQuality "1"]

{[%evp 24,101,33,18,25,25,29,18,22,-14,-12,0,-16,-42,0,0,0,0,6,-131,-114,-130,-117,-362,-354,-383,-368,-370,-359,-360,-302,-415,0,-117,-141,-95,-125,-212,-225,-268,-254,-358,-370,-302,-277,-262,-262,-257,-61,-80,-84,-68,-71,-99,-129,-112,-108,-57,0,0,0,2,2,1,0,2,6,7,110,0,0,0,0,0,0,0,0,0,1,0]} 1. d4 d5 2. c4 e6 3. Nf3 c6 4. e3 Bd6 5. b3 f5 6. Bd3 Nf6 7. O-O Qe7 8. Bb2 O-O 9. Qc1 b6 {A84: Dutch Defence: 2 c4 Miscellaneous} 10. Ba3 c5 11. cxd5 Nxd5 12. dxc5 bxc5 13. Nc3 {LiveBook: 7 Games} Nd7 14. Nxd5 exd5 15. Qc2 Bb7 {[#]} 16. Qe2 $146 ({Predecessor:} 16. Bxf5) 16... Rae8 {Hoping for ...c4.} 17. Ba6 Ba8 18. Rfe1 Kh8 19. Bb5 Rb8 20. Bd3 Qe6 21. Qc2 {[#]} (21. Rad1 $11) 21... Qh6 $1 $17 {And now ...d4! would win.} 22. h3 {[#]} d4 $1 {[%cal Bd5d4,Bd4d3,Bd3d2][%mdl 544]} 23. Bxf5 $2 (23. Bf1 $17 {keeps fighting.}) (23. exd4 Bxf3) 23... Bxf3 $1 $19 24. Bxd7 Rbd8 25. Bf5 Qg5 {[%csl Gf3][%cal Rg5g2]} 26. Bg4 d3 27. Qd2 Bxg4 $2 ({Black should try} 27... h5 $19 28. Bxf3 Rxf3) 28. hxg4 (28. f4 $11 Bxf4 29. exf4 Rxf4 30. Bc1 Bxh3 31. Re4 (31. Kh2 $2 Bg4 $19)) 28... Qxg4 $17 29. f4 Be7 30. Qd1 (30. Rec1 $17 Rf5 31. Rc3) 30... Qf5 $19 {...d2 is the strong threat.} 31. Qf3 d2 32. Red1 (32. Rf1 $142) 32... Bf6 33. Rab1 Qc2 34. Qe2 {and the idea Qc4 leaves White hopeful.} Rfe8 35. Qc4 {[#]} Qxc4 $2 ({Less strong is} 35... Qxa2 36. Bxc5 Rc8 37. Qd5 $17) (35... Qxb1 $1 $19 {[%mdl 512]} 36. Rxb1 Rxe3) 36. bxc4 $15 Rxe3 37. Bxc5 Re4 38. Bxa7 Bc3 ({But not} 38... Rxc4 39. Bb6 $15) 39. c5 {[%cal Bc4c5,Bc5c6,Bc6c7][%mdl 32]} Re1+ 40. Kf2 Rxd1 (40... Ra8 $15 41. Bb6 Kg8) 41. Rxd1 {[%mdl 4096] Endgame Threatening Ke2. KRB-KRB} Ra8 42. Bb6 {Black must now prevent Ke2.} Rxa2 43. c6 {Strongly threatening c7.} Rc2 44. c7 {[%cal Rc7c8]} Bb4 45. Ke2 Kg8 (45... h6 $11 {remains equal.}) 46. Ra1 (46. Rb1 $16 Bd6 47. Ra1 Bxc7 48. Ra8+ Kf7 49. Rc8) 46... Rc1 $11 {The position is equal.} 47. Ra8+ Kf7 48. Rd8 Re1+ 49. Kf3 Rc1 50. Ke2 Re1+ 51. Kf3 {Precision: White = 35%, Black = 64%.} 1/2-1/2

[Event "XLIII Sevilla Open 2018"]
[Site "Sevilla"]
[Date "2018.01.19"]
[Round "8"]
[White "Dvirnyy, Danyyil"]
[Black "Swayams, Mishra"]
[Result "1/2-1/2"]
[WhiteElo "2534"]
[BlackElo "2432"]
[Annotator "TA"]
[PlyCount "60"]
[EventDate "2018.??.??"]
[EventType "swiss"]
[EventCountry "ESP"]
[SourceTitle "playchess.com"]
[Source "ChessBase"]
[SourceQuality "1"]

{[%evp 20,60,47,40,92,75,94,72,86,70,86,66,77,54,45,49,84,74,87,80,76,83,68,54,60,63,77,71,85,60,79,44,69,0,77,0,72,0,68,0,64,0,79]} 1. Nf3 Nf6 2. c4 g6 3. Nc3 Bg7 4. e4 d6 5. d4 O-O 6. Be2 e5 7. O-O Nbd7 8. Be3 exd4 9. Nxd4 Re8 10. Qc2 Nc5 11. f3 $1 Nh5 {E94: King's Indian: Classical: 6 Be2 e5 7 0-0: Various Black 7th moves} ({Black should try} 11... a5 $14) (11... a5 12. Rad1 Qe7 13. Rfe1 c6 14. Bf1 a4 15. b4 axb3 16. axb3 Bd7 17. b4 Ne6 18. Qd2 Nh5 19. Nce2 Nxd4 20. Nxd4 {½-½ (46) Fernandez,D (2464)-Kalugin,S (2414) Livny 2017}) 12. Rad1 $16 Ne6 13. Nxe6 Bxe6 {White is better.} 14. Qd2 Nf6 {[%cal Bh5f6,Bf6d7,Bd7e5][%mdl 32]} 15. Rfe1 $146 ({Predecessor:} 15. Bg5 c6 16. e5 dxe5 17. Qxd8 Rexd8 18. Rxd8+ Rxd8 19. Ne4 Kh8 20. Bxf6 Bxf6 21. Nxf6 {1-0 (44) Korkus,M (2249)-Sifre Calafat,F (1823) ICCF email 2011}) 15... Nd7 16. Nb5 Ne5 17. b3 Nc6 18. Nc3 {[%cal Bb5c3,Bc3d5,Bd5f4][%mdl 32]} f5 19. exf5 Bxf5 20. Nd5 Qd7 21. Bf1 Qf7 22. h3 Kh8 23. g4 Be6 24. Bg2 Rf8 25. Nf4 Bd7 26. Nd5 Be6 $1 27. Nf4 Bd7 28. Nd5 Be6 $1 29. Nf4 Bd7 30. Nd5 Be6 $1 {Precision: White = 38%, Black = 44%.} 1/2-1/2

[Event "XLIII Sevilla Open 2018"]
[Site "Sevilla"]
[Date "2018.01.19"]
[Round "8"]
[White "Lei, Tingjie"]
[Black "Swapnil, S  Dhopade"]
[Result "1-0"]
[WhiteElo "2531"]
[BlackElo "2533"]
[Annotator "TA"]
[PlyCount "50"]
[EventDate "2018.??.??"]
[EventType "swiss"]
[EventCountry "ESP"]
[SourceTitle "playchess.com"]
[Source "ChessBase"]
[SourceQuality "1"]

{[%evp 12,50,52,24,31,19,64,34,60,51,81,52,134,131,116,127,225,203,188,194,182,171,226,136,145,158,575,553,662,651,640,626,722,722,847,845,885,885,900,890,1052]} 1. e4 c6 2. Nc3 d5 3. Nf3 dxe4 4. Nxe4 Nf6 5. Qe2 Bf5 (5... Nxe4 6. Qxe4 Qd5 7. Qf4 Qf5 8. Qe3 Qxc2 9. Bd3 Qa4 10. O-O Nd7 11. b3 Qb4 12. Bb2 Nf6 13. Bc4 Nd5 14. Qe4 {1-0 (28) Harikrishna,P (2744)-Howell,D (2676) Riadh 2017}) 6. Nxf6+ {B11: Caro-Kann: Two Knights Variation} gxf6 7. d4 {LiveBook: 5 Games} Qd5 8. Be3 {White is slightly better.} Bg4 $146 ({Predecessor:} 8... e5 9. c3 Nd7 10. Qd2 Qe4 11. Ng1 Nb6 12. f3 Qd5 13. b3 {0-1 (60) Androsov,S (2114)-Shagdurov,D (1967) St Petersburg 2013}) 9. c4 Qh5 10. O-O-O Nd7 11. Qd2 Bxf3 ({Black should try} 11... e5 $14) 12. gxf3 $16 e6 13. f4 {[%cal Bf3f4,Bf4f5][%mdl 32]} a5 (13... Bd6 $16) 14. Be2 Qf5 15. Bd3 Qh5 16. f5 e5 (16... Bd6 {was necessary.} 17. Rhg1 Qxh2) 17. dxe5 fxe5 {intending ...Bb4.} 18. Bc2 {[%csl Gd1][%cal Rd2d7] [#]} Rd8 $2 (18... O-O-O $16 {is a better chance.}) 19. Qxa5 $18 {White is clearly winning.} Bh6 20. Qc7 Bxe3+ 21. fxe3 Qg5 22. Kb1 Qe7 23. Qxb7 O-O 24. Rd2 e4 25. Qc7 Ra8 {Precision: White = 71%, Black = 27%.} 1-0

[Event "XLIII Sevilla Open 2018"]
[Site "Sevilla"]
[Date "2018.01.19"]
[Round "8"]
[White "Aroshidze, Levan"]
[Black "Martinez Martin, David"]
[Result "1/2-1/2"]
[WhiteElo "2516"]
[BlackElo "2399"]
[Annotator "TA"]
[PlyCount "93"]
[EventDate "2018.??.??"]
[EventType "swiss"]
[EventCountry "ESP"]
[SourceTitle "playchess.com"]
[Source "ChessBase"]
[SourceQuality "1"]

{[%evp 26,93,21,21,61,57,48,37,59,50,71,64,81,52,62,52,54,56,44,62,42,36,46,42,55,22,18,0,0,0,0,0,0,0,0,-46,-51,-35,-35,-56,-56,-36,-74,-44,-37,-37,-38,-43,-36,-169,-37,-37,-37,-53,-43,-72,-72,-87,-87,-87,-94,-117,-72,-117,-117,-117,0,0,0,0]} 1. e4 e5 2. Nf3 Nc6 3. Bb5 a6 4. Ba4 Nf6 5. O-O Be7 6. Re1 b5 7. Bb3 d6 8. c3 O-O 9. h3 Na5 10. Bc2 c5 11. d4 Nd7 12. Kh1 {C96: Spanische Partie (Abweichungen vom Tschigorin-System)} Bb7 13. d5 f5 14. exf5 {LiveBook: 3 Partien} Nf6 {[#]} 15. Nbd2 $146 {[%cal Bb1d2,Bd2f1,Bf1e3][%mdl 32]} ({Vorgänger:} 15. Ng5 Bxd5 16. f4 Qb8 17. Nd2 Qb7 18. Qe2 Rae8 19. fxe5 dxe5 {1-0 (46) Fedorov,A (2617)-Zaiatz,E (2405) Minsk 2006}) 15... Bxd5 ({Auf keinen Fall} 15... Nxd5 16. Ne4 $15) 16. Nf1 Qd7 17. Ne3 Bxf3 18. Qxf3 d5 19. Rd1 {[%cal Re3d5]} (19. g4 {is more complex.} d4 20. cxd4 exd4 21. Bd2 Nb7 22. g5) 19... e4 {[#]} 20. Bxe4 $1 {[%mdl 512]} dxe4 21. Rxd7 exf3 22. Rxe7 fxg2+ 23. Kxg2 c4 24. Bd2 Rad8 25. Be1 Nd5 26. Nxd5 Rxd5 27. b4 Nc6 $36 {[%mdl 2048] Schwarz steht aktiver.} 28. Re6 Ne5 29. Rxa6 Rxf5 30. a4 Rg5+ 31. Kf1 Nf3 $1 {[%cal Rf3h2] ( -> ...Sh2+)} 32. Re6 $1 bxa4 $1 {...Sh2+ ist eine echte Drohung.} 33. Re3 $1 {[%cal Re3f3]} Rg1+ 34. Ke2 Rxe1+ 35. Rxe1 Nxe1 36. Kxe1 $15 {[%mdl 4096] Endspiel KT-KT} Rd3 37. Re8+ $1 ({Falsch wäre} 37. Rxd3 $2 cxd3 38. Kd2 a3 $19) 37... Kf7 38. Ra8 Rxh3 39. Rxa4 Rxc3 40. b5 h5 41. b6 {Und weiter mit Tb4 wäre nett.} Rb3 42. Rxc4 Rxb6 43. Kf1 Kf6 44. Kg2 g5 45. Rc5 Re6 {[#]} (45... Kg6 $17 46. f3 Rb2+ 47. Kh3 h4) 46. f4 $1 $11 {[%mdl 512]} gxf4 47. Rxh5 {Precision: Weiß = 81%, Schwarz = 78%.} 1/2-1/2